[Event "Barcelona Sant Marti op 11th"]
[Site "Barcelona"]
[Date "2024.02.15"]
[Round "6"]
[White "Muntane Aznar, Juan Manuel"]
[Black "Fernandez Pisonero, Daniel"]
[Result "0-1"]
[WhiteElo "1679"]
[BlackElo "1760"]
[PlyCount "84"]
[EventDate "2024.01.11"]
[EventType "swiss"]
[EventRounds "9"]
[EventCountry "ESP"]
[SourceTitle "CB11_2024"]
[SourceDate "2024.03.13"]
[SourceVersion "1"]
[SourceVersionDate "2024.03.13"]
[SourceQuality "1"]

1. c4 c5 2. Nc3 Nc6 3. Nf3 Nf6 4. d3 d5 5. cxd5 Nxd5 6. Bd2 e5 7. g3 h6 8. Bg2 Be6 9. 0-0 Be7 10. Qa4 0-0 11. Nxd5 Bxd5 12. Rac1 a6 13. a3 b5 14. Qc2 Rc8 15. Be3 Nd4 16. Bxd4 exd4 17. Nd2 Re8 18. Rfe1 h5 19. Bxd5 Qxd5 20. Ne4 h4 21. Nd2 hxg3 22. hxg3 g6 23. Nf3 Kg7 24. Kg2 g5 25. Kf1 g4 26. Ng1 Bg5 27. Rb1 Rc6 28. f4 gxf3 29. exf3 Be3 30. Qg2 c4 31. Qe2 Rh8 32. dxc4 Rxc4 33. Rbd1 Qc5 34. Qg2 Rc2 35. Re2 Rxe2 36. Qxe2 Bxg1 37. Qe4 Be3 38. Kg2 Qh5 39. Qg4+ Qxg4 40. fxg4 Rc8 41. Kf3 Rc2 42. Rb1 Rc1 0-1

[Event "Barcelona Sant Marti op 10th"]
[Site "Barcelona"]
[Date "2023.03.02"]
[Round "8"]
[White "Muntane Aznar, Juan Manuel"]
[Black "Fernandez Pisonero, Daniel"]
[Result "1/2-1/2"]
[WhiteElo "1780"]
[BlackElo "1700"]
[PlyCount "81"]
[EventDate "2023.01.12"]
[EventType "swiss"]
[EventRounds "9"]
[EventCountry "ESP"]
[SourceTitle "CBM 213 Extra"]
[Source "ChessBase"]
[SourceDate "2023.05.31"]
[SourceVersion "1"]
[SourceVersionDate "2023.05.31"]
[SourceQuality "1"]

1. c4 Nf6 2. d4 e6 3. Nf3 b6 4. Nc3 Bb4 5. Bd2 Bb7 6. e3 0-0 7. Be2 d6 8. 0-0 Nbd7 9. a3 Bxc3 10. Bxc3 Ne4 11. Qc2 f5 12. Rad1 Qe7 13. b4 Nxc3 14. Qxc3 c5 15. Rd2 Rad8 16. Rfd1 h6 17. dxc5 dxc5 18. Ne5 Nxe5 19. Qxe5 Rxd2 20. Rxd2 Bc8 21. bxc5 bxc5 22. Qd6 Kf7 23. Bh5+ Kf6 24. f4 Qxd6 25. Rxd6 Bb7 26. Rd7 Ba6 27. Be2 Rb8 28. Rxa7 Rb1+ 29. Kf2 Bb7 30. Bf3 Bxf3 31. Kxf3 Rc1 32. a4 Rxc4 33. a5 Rc2 34. a6 Ra2 35. Ra8 c4 36. a7 Kf7 37. e4 Ra3+ 38. Ke2 fxe4 39. Rc8 Rxa7 40. Rxc4 Ra2+ 41. Kf1 1/2-1/2

[Event "Barcelona Sant Marti op 10th"]
[Site "Barcelona"]
[Date "2023.02.09"]
[Round "5"]
[White "Ibanez Camara, Oscar"]
[Black "Muntane Aznar, Juan Manuel"]
[Result "0-1"]
[WhiteElo "1628"]
[BlackElo "1780"]
[PlyCount "68"]
[EventDate "2023.01.12"]
[EventType "swiss"]
[EventRounds "9"]
[EventCountry "ESP"]
[SourceTitle "CBM 213 Extra"]
[Source "ChessBase"]
[SourceDate "2023.05.31"]
[SourceVersion "1"]
[SourceVersionDate "2023.05.31"]
[SourceQuality "1"]

1. e4 c5 2. Nc3 Nc6 3. g3 d6 4. Bg2 Nf6 5. d3 Bg4 6. f3 Bh5 7. Nge2 e6 8. Nf4 Bg6 9. h4 h6 10. Nxg6 fxg6 11. Ne2 Be7 12. Bh3 e5 13. Be6 Qc7 14. Nc3 Nd4 15. Nd5 Nxd5 16. Bxd5 Rf8 17. Rf1 0-0-0 18. c3 Nc6 19. f4 exf4 20. Qg4+ Kb8 21. gxf4 g5 22. hxg5 hxg5 23. f5 Ne5 24. Qe2 g4 25. Be3 Nf3+ 26. Kd1 Rh8 27. Qg2 Ne5 28. Kc2 Rh3 29. Rae1 Rdh8 30. Rh1 Nf3 31. Ref1 Rh2 32. Rxh2 Rxh2 33. Qxh2 Nxh2 34. Rh1 g3 0-1

[Event "Barcelona Vila de Grаcia op 16th"]
[Site "Barcelona"]
[Date "2022.10.07"]
[Round "2"]
[White "Muntane Aznar, Juan Manuel"]
[Black "Munoz Pantoja, Miguel Angel"]
[Result "0-1"]
[WhiteElo "1841"]
[BlackElo "2366"]
[PlyCount "58"]
[EventDate "2022.09.30"]
[EventType "swiss"]
[EventRounds "9"]
[EventCountry "ESP"]
[SourceTitle "EXT 2024"]
[Source "ChessBase"]
[SourceDate "2023.10.10"]
[SourceVersion "1"]
[SourceVersionDate "2023.10.10"]
[SourceQuality "1"]

1. c4 c5 2. Nc3 Nc6 3. g3 g6 4. Bg2 Bg7 5. Nf3 e6 6. e3 Nge7 7. 0-0 0-0 8. d4 d6 9. dxc5 dxc5 10. Bd2 Qd3 11. Qa4 Bd7 12. Rac1 Nd4 13. Qa3 Nxf3+ 14. Bxf3 Bc6 15. Bxc6 Nxc6 16. Rfd1 Ne5 17. Be1 Qf5 18. e4 Qh3 19. Ne2 Ng4 20. Qf3 Qxh2+ 21. Kf1 Qh5 22. Kg2 e5 23. Bd2 Qh2+ 24. Kf1 f5 25. Be3 Qh5 26. Ke1 f4 27. gxf4 exf4 28. Nxf4 Qh4 29. Nxg6 hxg6 0-1

[Event "Barcelona Sant Marti op-A 22nd"]
[Site "Barcelona"]
[Date "2022.07.16"]
[Round "4"]
[White "Thomas, Kenneth P"]
[Black "Muntane Aznar, Juan Manuel"]
[Result "1-0"]
[WhiteElo "1802"]
[BlackElo "1921"]
[PlyCount "93"]
[EventDate "2022.07.13"]
[EventType "swiss"]
[EventRounds "9"]
[EventCountry "ESP"]
[SourceTitle "CBM 209 Extra"]
[Source "ChessBase"]
[SourceDate "2022.09.30"]
[SourceVersion "1"]
[SourceVersionDate "2022.09.30"]
[SourceQuality "1"]

1. Nf3 Nf6 2. c4 c5 3. Nc3 Nc6 4. d4 cxd4 5. Nxd4 d6 6. e4 g6 7. Be2 Bg7 8. Be3 Bd7 9. Qd2 0-0 10. f3 Re8 11. Rc1 Rc8 12. 0-0 a6 13. b3 Ne5 14. Nd5 Bc6 15. Rfd1 h5 16. Bg5 Bxd5 17. cxd5 Ned7 18. Rxc8 Qxc8 19. Rc1 Qb8 20. a4 Rc8 21. Be3 Rc7 22. a5 Qc8 23. Rxc7 Qxc7 24. b4 Ne8 25. Kf1 Ne5 26. Qc2 Nd7 27. Qxc7 Nxc7 28. Ke1 Bxd4 29. Bxd4 e6 30. dxe6 fxe6 31. Kd2 Kf7 32. Kc3 Nb5+ 33. Kd3 Nxd4 34. Kxd4 Ke7 35. f4 h4 36. g3 hxg3 37. hxg3 Kf6 38. Bf3 e5+ 39. Kc4 exf4 40. gxf4 g5 41. e5+ dxe5 42. fxg5+ Kxg5 43. Bxb7 Nb8 44. Kd5 e4 45. Kd6 e3 46. Bf3 Kf4 47. Be2 1-0

[Event "Barcelona Sant Marti op-A 22nd"]
[Site "Barcelona"]
[Date "2022.07.14"]
[Round "2"]
[White "Chiva Perez, Jordi"]
[Black "Muntane Aznar, Juan Manuel"]
[Result "1-0"]
[WhiteElo "1704"]
[BlackElo "1921"]
[PlyCount "71"]
[EventDate "2022.07.13"]
[EventType "swiss"]
[EventRounds "9"]
[EventCountry "ESP"]
[SourceTitle "CBM 209 Extra"]
[Source "ChessBase"]
[SourceDate "2022.09.30"]
[SourceVersion "1"]
[SourceVersionDate "2022.09.30"]
[SourceQuality "1"]

1. e4 c5 2. Nf3 Nc6 3. d4 cxd4 4. Nxd4 d6 5. c4 g6 6. Nc3 Bg7 7. Be3 Nf6 8. Be2 Bd7 9. f3 a6 10. Qd2 Nxd4 11. Bxd4 Rc8 12. Nd5 0-0 13. Nxf6+ exf6 14. 0-0 Re8 15. Rfd1 Be6 16. Rac1 Rc6 17. b3 Qe7 18. Qb2 d5 19. cxd5 Rxc1 20. Rxc1 Bd7 21. Rc7 Rb8 22. Qc3 Qd8 23. a4 Rc8 24. d6 Bc6 25. Rxc8 Qxc8 26. Bxf6 Bxf6 27. Qxf6 Qd7 28. a5 Qe6 29. Qd4 Qd7 30. Bc4 Qe8 31. Bd5 Qd7 32. Bxc6 bxc6 33. Qe5 f5 34. Qd4 Kf7 35. e5 Ke6 36. f4 1-0

[Event "Barcelona Tres Peons op 22nd"]
[Site "Barcelona"]
[Date "2020.02.26"]
[Round "8"]
[White "Muntane Aznar, Juan Manuel"]
[Black "Fernandez Goyanes, Francesc X"]
[Result "1-0"]
[WhiteElo "1940"]
[BlackElo "2127"]
[PlyCount "95"]
[EventDate "2020.01.08"]
[EventType "swiss"]
[EventRounds "9"]
[EventCountry "ESP"]
[SourceTitle "CBM 195 Extra"]
[Source "ChessBase"]
[SourceDate "2020.05.31"]
[SourceVersion "1"]
[SourceVersionDate "2020.05.31"]
[SourceQuality "1"]

1. c4 Nf6 2. Nc3 g6 3. g3 Bg7 4. Bg2 0-0 5. Nf3 d6 6. 0-0 Nc6 7. d3 a6 8. Bd2 Rb8 9. Qc1 Re8 10. Bh6 Bh8 11. Qd2 Bd7 12. Rac1 b5 13. b3 Ng4 14. Ne1 Nxh6 15. Qxh6 b4 16. Nb1 Nd4 17. Qd2 c5 18. e3 Ne6 19. Nc2 Qb6 20. Qe2 Bc6 21. e4 Bd7 22. Nd2 Qa5 23. f4 Bb2 24. Rcd1 Qxa2 25. f5 Nd4 26. Nxd4 Bxd4+ 27. Kh1 Bf6 28. g4 g5 29. h4 h6 30. Qe3 Bd4 31. Qh3 Kg7 32. Nf3 Qxb3 33. Nxd4 cxd4 34. Kg1 Qc2 35. hxg5 Rh8 36. f6+ exf6 37. gxf6+ Kf8 38. Qg3 Rb6 39. e5 Rg8 40. Qf4 Rg6 41. Rd2 Qc3 42. exd6 Kg8 43. Be4 Rg5 44. Rg2 Be6 45. d7 Bxd7 46. Qc7 Rxf6 47. Qd8+ Be8 48. Qxf6 1-0

[Event "Hospitalet de Llobregat Ponce 4th"]
[Site "Hospitalet de Llobregat"]
[Date "2019.06.08"]
[Round "9"]
[White "Ruiz Manchon, Francesco Xavier"]
[Black "Muntane Aznar, Juan Manuel"]
[Result "1-0"]
[WhiteElo "2147"]
[BlackElo "1931"]
[PlyCount "71"]
[EventDate "2019.04.06"]
[EventType "swiss"]
[EventRounds "9"]
[EventCountry "ESP"]
[SourceTitle "EXT 2020"]
[Source "ChessBase"]
[SourceDate "2019.10.17"]
[SourceVersion "1"]
[SourceVersionDate "2019.10.17"]
[SourceQuality "1"]

1. e4 c5 2. c3 d6 3. d4 Nc6 4. Nf3 e6 5. Bd3 Be7 6. 0-0 Nf6 7. Re1 e5 8. dxc5 dxc5 9. h3 Qc7 10. Qe2 0-0 11. Bg5 a6 12. a4 Be6 13. Nbd2 Rad8 14. Bc4 Bxc4 15. Nxc4 b5 16. axb5 axb5 17. Bxf6 Bxf6 18. Ne3 Ne7 19. Qxb5 Rb8 20. Qe2 Qb7 21. Nc4 Ng6 22. g3 h5 23. h4 Rfe8 24. Nd6 Qe7 25. Nxe8 Rxe8 26. Kg2 Bxh4 27. Nxh4 Nxh4+ 28. gxh4 Qxh4 29. Rh1 Qg5+ 30. Kf1 g6 31. Qe3 Qg4 32. Rg1 Qh4 33. Rd1 Kh7 34. Rd7 Kg7 35. Qf3 Rf8 36. Qf5 1-0

[Event "Hospitalet de Llobregat op 4th"]
[Site "Hospitalet de Llobregat"]
[Date "2019.06.01"]
[Round "8"]
[White "Rodriguez Regull, German"]
[Black "Muntane Aznar, Juan Manuel"]
[Result "1/2-1/2"]
[WhiteElo "1955"]
[BlackElo "1931"]
[PlyCount "118"]
[EventDate "2019.04.06"]
[EventType "swiss"]
[EventRounds "9"]
[EventCountry "ESP"]
[SourceTitle "CBM 190 Extra"]
[Source "ChessBase"]
[SourceDate "2019.07.15"]
[SourceVersion "1"]
[SourceVersionDate "2019.07.15"]
[SourceQuality "1"]

1. d4 Nf6 2. Bg5 e6 3. Nf3 Be7 4. e3 b6 5. Bd3 Bb7 6. Nbd2 d5 7. 0-0 Nbd7 8. Re1 0-0 9. c3 Rc8 10. Bxf6 Bxf6 11. e4 dxe4 12. Nxe4 Bxe4 13. Bxe4 c5 14. Qd3 g6 15. Rad1 cxd4 16. cxd4 Qc7 17. Qe3 Bg7 18. Bd3 Nf6 19. Ba6 Rcd8 20. Rc1 Qd6 21. a3 Nd5 22. Qd2 Rd7 23. Ne5 Bxe5 24. dxe5 Qe7 25. Qh6 Rfd8 26. Bb5 Rc7 27. Bd3 Rdc8 28. Rcd1 Qf8 29. Qh4 Rc5 30. Qg5 h6 31. Qg4 Qg7 32. h4 h5 33. Qa4 R8c7 34. Qe4 Qh6 35. g3 Rc1 36. f4 Rxd1 37. Rxd1 Qf8 38. Kg2 Qc8 39. Rd2 Rc1 40. Rf2 Qc5 41. Kf3 Kg7 42. Qe2 Qa5 43. Rf1 Rxf1+ 44. Qxf1 Qd2 45. Qe2 Qc1 46. Kf2 Qh1 47. Be4 Qh2+ 48. Kf3 Qxe2+ 49. Kxe2 Nc7 50. Kd3 Kf8 51. Kc4 Ke7 52. b4 Kd7 53. Bb7 Ne8 54. Be4 Ng7 55. Bd3 Ne8 56. a4 Nc7 57. a5 Ke7 58. axb6 axb6 59. Be4 Kd7 1/2-1/2